000 004220000a22001810004500
003 MACL
005 20151004145326.0
008 151004b xxu||||| |||| 00| 0 eng d
040 _aMACL
_cMACL
041 _aEnglish
082 _a910
100 _aPublication Division
_9490
245 _aSanchi
260 _bPublication Division
_c1960
_aFaridabad
350 _a0.75
650 _aTravel
_913683
942 _cBK
_k910
_2ddc
999 _c7503
_d7503